[Event "Yerevan op 1st"]
[Site "Yerevan"]
[Date "2016.10.05"]
[Round "4"]
[White "Yeremyan, Alen"]
[Black "Hovhannisyan, Khachatur"]
[Result "0-1"]
[WhiteElo "1855"]
[BlackElo "1982"]
[PlyCount "50"]
[EventDate "2016.10.02"]
[EventType "swiss"]
[EventRounds "9"]
[EventCountry "ARM"]
[SourceTitle "EXT 2017"]
[Source "ChessBase"]
[SourceDate "2016.10.25"]
[SourceVersion "1"]
[SourceVersionDate "2016.10.25"]
[SourceQuality "1"]

1. e4 c5 2. d3 Nc6 3. f4 g6 4. Nf3 Bg7 5. g3 d6 6. Bg2 Nh6 7. 0-0 0-0 8. c3 f5 9. Re1 c4 10. d4 fxe4 11. Rxe4 Bf5 12. Re1 e5 13. d5 Ng4 14. Bf1 Qb6+ 15. Kg2 Qf2+ 16. Kh1 exf4 17. Qe2 fxg3 18. dxc6 Bd3 19. Qxf2 gxf2 20. Rd1 Rxf3 21. Nd2 Re3 22. cxb7 Rf8 23. h3 Re1 24. hxg4 Rxd1 25. Kg2 Bh6 0-1